000 00586nam a22002057a 4500
003 OSt
005 20251203124719.0
008 251203b |||||||| |||| 00| 0 eng d
020 _a978032040167
040 _cMUST
082 _222
_aWQ 240 G372m 2007
100 _aGilbert, Elizabeth Stepp
_919534
245 _aManual of high risk pregnancy delivery/
_cElizabeth Stepp Gilbert
250 _a4th ed.
260 _bMosby Elservier
_c2007
300 _aviii, 744p.
_bill.
_c23cm.
504 _aindexes are included
650 _2High risk pregnancy and delivery
942 _2z
_cO_SHELF
999 _c9600
_d9600